| 000 | 00457nam a2200157 i 4500 | ||
|---|---|---|---|
| 001 | 60551 | ||
| 003 | ES-MaACL | ||
| 007 | t| | ||
| 008 | 031105q1952 sp ||||1| spa d | ||
| 100 | 1 |
_aEsquivel, Diego de. _947975 |
|
| 245 | 1 | 0 |
_a25 cuentos intencionados / _cpor Diego de Esquivel. |
| 260 |
_aBilbao : _bPax, _c[1952?] ( _fEléxpuru) |
||
| 300 |
_a139 p. ; _c20 cm. |
||
| 740 | 0 | _aVeinticinco cuentos intencionados. | |
| 852 |
_aES-MaACL _jC-8779 _bR.35500 |
||
| 999 |
_c60551 _d60551 |
||